Clo, výmenné relácie a poľnohospodárstvo

Dopad cla na výmenné relácie. Metzlerov paradox, Lernerov paradox. Clo a produkčná dotácia ako nástroje ochrany domáceho trhu.

Salvato in:
Dettagli Bibliografici
Autore principale: Serenčéš, Roman
Natura: Capitolo di libro
Lingua:slovacco
Soggetti:
Tags: Aggiungi Tag
Nessun Tag, puoi essere il primo ad aggiungerne!!

MARC

LEADER 00000naa$a2200000$$$4500
001 0055926
005 20231018091707.3
041 0 |a slo 
044 |a SK 
245 1 0 |a Clo, výmenné relácie a poľnohospodárstvo  |c Roman Serenčéš 
520 |a Dopad cla na výmenné relácie. Metzlerov paradox, Lernerov paradox. Clo a produkčná dotácia ako nástroje ochrany domáceho trhu. 
610 2 0 |a clá 
610 2 0 |a politika colná 
610 2 0 |a relácie výmenné 
610 2 0 |a poľnohospodárstvo 
100 1 |a Serenčéš, Roman